Представление документа в формате RUSMARC

ПолеНазваниеЗначение
  Тип записи a
  Библиографический уровень m
001 Контрольный номер RU/SLIB/B/208713863
005 Дата корректировки 20231030123019.8
010 Индекс ISBN __
d Цена 8-20
101 Язык документа 0_
a Язык текста rus
200 Заглавие и сведения об ответственности 1_
a Заглавие Культурная жизнь в СССР, 1966-1977
e Сведения, относящиеся к заглавию хpоника
f Первые сведения об ответственности сост. В. Х. Бодиско
b Общее обозначение материала Текст
210 Выходные данные 1_
a Место издания М.
c Издательство Наука
d Дата издания 1981
215 Физическое описание __
a Объем 830 с.
c Иллюстрации/тип воспроизводства ил.
320 Библиография __
a Библиография Имен., геогp., пpедмет.-темат. указ.: с. 774-846
606 Тематические рубрики __
a Основная рубрика История
z Хронологическая подрубрика 1966-1977 гг.; 20 в.
y Географическая подрубрика Россия; СССР
606 Тематические рубрики __
a Основная рубрика История России и СССР (октябрь 1917 - 1991 г.)
610 Ключевые слова 0_
a Ключевые слова социализм; культура; русская культура; наука; политика; культурная политика; научно-технические достижения; научные достижения; литература; культурная жизнь; советская культура; советский народ; советский период; советское общество
686 Индексы других классификаций __
a Классификационный индекс 63.3(2)6-7; ст63.3(2)6-7
702 Вторичная интеллектуальная ответственность _1
a Фамилия Бодиско
b Имя В. Х.
4 Код отношения Составитель
4 Код отношения 220
801 Источник записи _0
a Страна RU
b Организация Муниципальное бюджетное учреждение культуры "Централизованная библиотечная система" г. Сургут (Центральная городская библиотека им. А. С. Пушкина)
g Правила каталогизации К/Исакова
801 Источник записи _1
a Страна RU
b Организация Муниципальное бюджетное учреждение культуры "Централизованная библиотечная система" г. Сургут (Центральная городская библиотека им. А. С. Пушкина)
g Правила каталогизации К/Исакова
852 Данные о местонахождении __
j Шифр хранения 63.3(2)6-7
c Каталожный индекс 71.4(2)
i Авторский знак К 90
p Инвентарный номер 11329
901 Тип документа __
t Тип документа m
990 Данные о заказе (DOS) __
j Количество экземпляров (DOS) 1